000 00464nam a22001937a 4500
003 MPLRDC
005 20220104123523.0
008 210129b ||||| |||| 00| 0 eng d
020 _a957-560-072-5
082 _a225.5 ZYFS v.5
100 _a证严法师著
245 _a自在的心灵
_c
250 _a初版一刷
260 _a
_b皇冠出版社
_c1992
300 _b
490 _a证严法师作品集;5
650 _a
942 _cBK
_o225.5 ZYFS v.5
999 _c12075
_d12065